Представление документа в формате RUSMARC

Поле Инд. ПП Название Значение
Тип записи a
Библиографический уровень a
001 Контрольный номер 88f5e5659a2945d68c82481a4b11b881
005 Дата корректировки 20230619142529.0
100 a Данные общей обработки 20230302 ||| 0rusy0189 ca
101 0_ a Язык текста rus
102 a Страна публикации RU
200 1_ f Первые сведения об ответственности Г.Ю. Якушев
a Заглавие Правоотношения в досудебном соглашении суда первой инстанции
b Общее обозначение материала Текст
203 a Вид содержания Текст : электронный
210 1_ d Дата издания 2023
300 a Общие примечания Чтение статьи доступно в Источнике
336 a Примечание о виде электронного ресурса PDF
461 _0 1 2000
a Российское правосудие
463 _0 1 2000
a № 2
b Электронный ресурс
v С. 92-101
1 2101
d 2023
1 0014f30955a52c44ea282a6911cf77049f3
606 a Основная рубрика Право. Юридические науки
x Основная подрубрика Уголовно-процессуальное право
x Основная подрубрика Уголовный процесс
610 0_ a Ключевые слова ДОСУДЕБНОЕ СОГЛАШЕНИЕ О СОТРУДНИЧЕСТВЕ
a Ключевые слова ЮРИДИЧЕСКИЕ ФАКТЫ
a Ключевые слова РГУП.
700 _1 a Фамилия Якушев
b Имя Г.Ю.
801 _0 a Страна RU
b Организация РГУП
c Дата составления 20230302
g Правила каталогизации PSBO
801 _1 a Страна RU
b Организация РГУП
c Дата составления 20230302
g Правила каталогизации PSBO
901 t Тип документа b
w Контрольный № источника 4f30955a52c44ea282a6911cf77049f3
905 a Дата ввода 20230302
952 k Публикации кафедры Уголовно-процессуального права имени Н.В. Радутной